Edinburgh Tram Stops (Updated) - Statistics

General Stats
  • This quiz has been taken 26 times
  • The average score is 11 of 23
Answer Stats
Answer % Correct
Edinburgh Airport
84%
Princes Street
79%
Newhaven
63%
West End
63%
Foot of the Walk
58%
Haymarket
58%
Edinburgh Gateway
53%
Ocean Terminal
53%
St Andrew Square
53%
Murrayfield Stadium
47%
The Shore
47%
Gyle Centre
42%
McDonald Road
42%
Saughton
42%
Balgreen
37%
Ingliston Park & Ride
37%
Picardy Place
37%
Port of Leith
37%
Edinburgh Park Station
32%
Balfour Street
26%
Edinburgh Park Central
26%
Gogarburn
26%
Bankhead
16%
No matching quizzes found
Score Distribution
Percent of People with Each Score
Percentile by Number Answered
Your Score History
You have not taken this quiz